[Event "Iberoamerican-ch 9th"]
[Site "Panama City"]
[Date "2023.11.30"]
[Round "7"]
[White "Thompson Ceballos, James"]
[Black "Reinhard Moller, Gustavo"]
[Result "1-0"]
[WhiteElo "1712"]
[BlackElo "1320"]
[PlyCount "93"]
[EventDate "2023.11.25"]
[EventType "swiss"]
[EventRounds "9"]
[EventCountry "PAN"]
[SourceTitle "CB49_2023"]
[SourceDate "2023.12.06"]
[SourceVersion "1"]
[SourceVersionDate "2023.12.06"]
[SourceQuality "1"]

1. e4 c6 2. Nf3 d5 3. exd5 cxd5 4. d4 Nf6 5. Bf4 Bf5 6. Be2 Nc6 7. c3 e6 8. 0-0 Bd6 9. Bg5 h6 10. Bh4 Qb6 11. Qb3 Qc7 12. Nbd2 Ne4 13. Bg3 Nxg3 14. hxg3 0-0 15. Rfe1 a6 16. a4 Rac8 17. Bf1 g5 18. Qd1 Rfe8 19. Rc1 Bg4 20. b4 e5 21. Qb3 e4 22. Nh2 Be6 23. b5 axb5 24. Bxb5 Re7 25. Nhf1 Na7 26. Ne3 Nxb5 27. axb5 Rd8 28. Nxd5 Bxd5 29. Qxd5 Bxg3 30. Qf5 e3 31. Rxe3 Bf4 32. Rxe7 Qxe7 33. Qd3 Qa3 34. Re1 Qa5 35. Ne4 Be5 36. Qb1 Bg7 37. Rc1 b6 38. Qb2 Qa8 39. Ng3 Qd5 40. Re1 f5 41. Re7 f4 42. Nh5 Bh8 43. Qb1 Kf8 44. Qh7 Qb3 45. Re1 Bxd4 46. Qe7+ Kg8 47. Qxd8+ 1-0

[Event "Iberoamerican-ch 9th"]
[Site "Panama City"]
[Date "2023.11.29"]
[Round "6"]
[White "Baules Rodriguez, Jorge Luis"]
[Black "Thompson Ceballos, James"]
[Result "1-0"]
[WhiteElo "2283"]
[BlackElo "1712"]
[PlyCount "59"]
[EventDate "2023.11.25"]
[EventType "swiss"]
[EventRounds "9"]
[EventCountry "PAN"]
[SourceTitle "CB49_2023"]
[SourceDate "2023.12.06"]
[SourceVersion "1"]
[SourceVersionDate "2023.12.06"]
[SourceQuality "1"]

1. e4 c5 2. Nf3 e6 3. d4 cxd4 4. Nxd4 Nc6 5. Nc3 a6 6. Nxc6 bxc6 7. e5 Qc7 8. Bf4 Bb4 9. Qg4 Kf8 10. h4 Ne7 11. h5 Nd5 12. h6 g6 13. a3 Qa5 14. Bd2 c5 15. Rb1 Nxc3 16. axb4 Qa2 17. Bxc3 Qxb1+ 18. Kd2 Bb7 19. Qh4 Qa2 20. b3 a5 21. bxa5 g5 22. Qxg5 Rg8 23. Qh4 Ke8 24. Bc4 Rxg2 25. Ra1 Qxa1 26. Bxa1 Rxa5 27. Bc3 Ra2 28. Bd3 Ra8 29. Bxh7 Kf8 30. Be4 1-0

[Event "Iberoamerican-ch 9th"]
[Site "Panama City"]
[Date "2023.11.27"]
[Round "4"]
[White "Ortiz Lopera, Miguel Angel"]
[Black "Thompson Ceballos, James"]
[Result "1-0"]
[WhiteElo "2001"]
[BlackElo "1712"]
[PlyCount "59"]
[EventDate "2023.11.25"]
[EventType "swiss"]
[EventRounds "9"]
[EventCountry "PAN"]
[SourceTitle "CB49_2023"]
[SourceDate "2023.12.06"]
[SourceVersion "1"]
[SourceVersionDate "2023.12.06"]
[SourceQuality "1"]

1. e4 c5 2. Nf3 e6 3. d4 cxd4 4. Nxd4 Nc6 5. Nxc6 bxc6 6. Be3 Nf6 7. Nd2 Be7 8. Be2 0-0 9. 0-0 c5 10. c4 Bb7 11. e5 Ne8 12. f4 d5 13. exd6 Qxd6 14. Bf3 Qc7 15. Bxb7 Qxb7 16. Qf3 Qc8 17. Ne4 Nf6 18. Rad1 Qc7 19. Nxf6+ Bxf6 20. Qf2 Rac8 21. b3 Rfd8 22. f5 e5 23. Rxd8+ Bxd8 24. Rd1 Be7 25. h3 e4 26. Rd5 Bd6 27. Qd2 Bf8 28. Rd7 Qb6 29. Qd5 Re8 30. Qxf7+ 1-0

[Event "Iberoamerican-ch 9th"]
[Site "Panama City"]
[Date "2023.11.26"]
[Round "3"]
[White "Thompson Ceballos, James"]
[Black "Rodriguez, Bruno Andre"]
[Result "1/2-1/2"]
[WhiteElo "1712"]
[BlackElo "1422"]
[PlyCount "91"]
[EventDate "2023.11.25"]
[EventType "swiss"]
[EventRounds "9"]
[EventCountry "PAN"]
[SourceTitle "CB49_2023"]
[SourceDate "2023.12.06"]
[SourceVersion "1"]
[SourceVersionDate "2023.12.06"]
[SourceQuality "1"]

1. e4 e5 2. Nf3 Nc6 3. Bb5 a6 4. Ba4 b5 5. Bb3 Nf6 6. 0-0 Nxe4 7. Re1 d5 8. d3 Nf6 9. Nxe5 Nxe5 10. Rxe5+ Be6 11. Bg5 c6 12. Nd2 Bd6 13. Re1 0-0 14. Nf1 Re8 15. Qd2 Be7 16. c3 Nd7 17. Bxe7 Qxe7 18. d4 Qd6 19. Bc2 Nf6 20. Ng3 g6 21. h4 h5 22. Qg5 Nh7 23. Qh6 Bg4 24. Re3 Rxe3 25. Qxe3 Qf6 26. Re1 Qxh4 27. Qf4 Qf6 28. Qc7 h4 29. Nf1 h3 30. Qg3 hxg2 31. Kxg2 Bf5 32. Bd1 Ng5 33. Nh2 Ne4 34. Qe3 Kg7 35. Ng4 Bxg4 36. Bxg4 Rh8 37. Bf3 Ng5 38. Bg4 Ne4 39. Bf3 Re8 40. Rh1 Ng5 41. Qxe8 Qxf3+ 42. Kg1 Nh3+ 43. Kh2 Nf4 44. Qe5+ Kg8 45. Qe8+ Kg7 46. Qe5+ 1/2-1/2